Famous Sayings by American Figures - Statistics

General Stats
  • This quiz has been taken 54 times
  • The average score is 10 of 15
Answer Stats
Quote Person % Correct
"I have a dream..." Dr. Martin Luther King Jr.
98%
"Make America great again." Donald Trump
96%
"One small step for man, one giant leap for mankind." Neil Armstrong
92%
"I did not have sexual relations with that woman." Bill Clinton
84%
"I am not a crook." Richard Nixon
76%
"A house divided against itself cannot stand." Abraham Lincoln
71%
"Ask not what your country can do for you, ask what you can do for your country." John F. Kennedy
71%
"Mr. Gorbachev, tear down this wall." Ronald Reagan
71%
"Read my lips: no new taxes." George H. W. Bush
67%
"Speak softly and carry a big stick; you will go far." Theodore Roosevelt
57%
"You are either with us, or against us." George W. Bush
53%
"Do one thing everyday that scares you." Eleanor Roosevelt
45%
"Now I am become death, the destroyer of worlds." J. Robert Oppenheimer
29%
"Give me liberty or give me death!" Patrick Henry
29%
"Diligence is the mother of good luck." Benjamin Franklin
24%
No matching quizzes found
Score Distribution
Percent of People with Each Score
Percentile by Number Answered
Your Score History
You have not taken this quiz